01427nam a2200373 a 450000100060000000300080000600500170001400600190003100700150005000800410006502400160010603500230012203500240014503500250016903500210019404000260021505000170024108000070025808200120026510000410027724501230031826000490044130000110049050000700050152001090057153301640068065000280084465000250087265500270089770000310092471000190095585600620097499900170103623967FlNmELB20241216214129.0m o d | cr cn|||||||||201201r2010 cu |||||s|||||||||||spa d8 z71205150410 a(MiAaPQ)EBC3199984 a(Au-PeEL)EBL3199984 a(CaPaEBR)ebr10576539 a(OCoLC)929374006 aFlNmELBbspacFlNmELB 4aK1bU73 2010 a3404a3402221 aUrbizo Vélez, Joaquín Juan.4aut10aCaracterización clínico-patológica del liquen plano bucalh[recurso electronico]cJoaquín Juan Urbizo Vélez. aLa Habana :bEditorial Universitaria,c2010. a163 p. aTesis (doctorado) - Universidad de Ciencias Medicas de La Habana. aPresenta un estudio descriptivo para la caracterización clínico-patológica del liquen plano bucal. aRecurso electrónico. Santa Fe, Arg.: e-libro, 2015. Disponible vía World Wide Web. El acceso puede estar limitado para las bibliotecas afiliadas a e-libro. 4aMedicina.xPatología. 4aMedical.xPathology. 4aLibros electrónicos.1 aSantana Garay, Julio.4drt2 ae-libro, Corp.40uhttps://elibro.net/ereader/politecnicointernacional/85599 c23967d23967